000 00304nam a22001457a 4500
008 210430b ||||| |||| 00| 0 eng d
020 _a3875846893
041 _aeng
080 _a941
082 _a941
100 _a16
101 _aSHH
245 _aFrauen Im Krieg
_cSchwerin,K.G
942 _2udc
_cBK
999 _c57035
_d57035